000 00524nam a22001817a 4500
003 UA-OsUOA
001 6529
007 ta
008 20040505b un ||||| |||| 00| 0 ukr d
100 _aХатнюк Н.
942 _cSA
040 _aUA-OsUOA
_cUA-OsUOA
_dUA-OsUOA
245 _aЮридична природа фіктивних та удаваних правочинів
300 _aС.37-41
955 _a0
773 0 _w0
_tПраво України
_dКиїв
_d2004
_gN4
650 7 _aЦивільне право
_2UDC
999 _c292690
_d292690